Fundamental of Engineering and Electronics (Record no. 30248)

MARC details
000 -LEADER
fixed length control field 00407nam a2200169Ia 4500
020 ## - INTERNATIONAL STANDARD BOOK NUMBER
ISBN 81-219-2660-2
100 ## - STATEMENT OF RESPONSIBILITY--MAIN AUTHOR NAME
Personal name Theraja B.L
245 #0 - TITLE STATEMENT
Title Fundamental of Engineering and Electronics
260 ## - PUBLICATION, DISTRIBUTION, ETC. (IMPRINT)
Place of publication New Delhi
260 ## - PUBLICATION, DISTRIBUTION, ETC. (IMPRINT)
Name of publisher S Chand and Company
260 ## - PUBLICATION, DISTRIBUTION, ETC. (IMPRINT)
Year of publication 2012
300 ## - PHYSICAL DESCRIPTION
Number of Pages 841 p
650 ## - SUBJECT ADDED ENTRY--TOPICAL TERM
Topical Term Electronics
942 ## - ADDED ENTRY ELEMENTS (KOHA)
Koha item type Books
Holdings
Withdrawn status Lost status Source of classification or shelving scheme Damaged status Not for loan Permanent Location Current Location Date acquired Accession Number Price effective from Koha item type
    Library of Congress Classification     NILE UNIVERSITY OF NIGERIA - MAIN LIBRARY NILE UNIVERSITY OF NIGERIA - MAIN LIBRARY 04/23/2025 0001292 04/23/2025 Books